3) Goldfinger Quiz - Statistics

General Stats
  • This quiz has been taken 850 times
    848 since last reset
  • The average score is 6 of 10
Answer Stats
Question Answer % Correct
Jill Masterson dies after being covered by Oddjob in what? gold paint
95%
In which US city does Bond first see Goldfinger? Miami
80%
Who sang John Barry's title song, her first of many Bond themes? Shirley Bassey
80%
What is the codename of the Operation that Goldfinger carries out? Grandslam
67%
What is Bond’s response to first hearing the name Pussy Galore? I must be dreaming
64%
What cocktail, curiously described as tart, does Goldfinger serve Bond in Kentucky? mint julep
50%
Honor Blackman had experience of judo from starring on which TV show? The Avengers
49%
What number of Slazenger golf ball does Bond switch with Goldfinger's Slazenger 1? Slazenger 7
46%
What does Tilly Masterson lie that her gun case actually contains? ice skates
41%
Complete the book quote: "Once is happenstance, twice is coincidence, three times is ____ action"? enemy
28%
No matching quizzes found
Score Distribution
Percent of People with Each Score
Percentile by Number Answered
Your Score History
You have not taken this quiz since the last reset